| 000 | 01024nam a22003850a 4500 | ||
|---|---|---|---|
| 001 | PT48229 | ||
| 003 | AR-LpoUNG | ||
| 005 | 20210131231223.0 | ||
| 008 | 191001s2002||||ag |||||||||||||||||spa d | ||
| 020 |
_a9879396820 _c$71,99 |
||
| 040 |
_aAR-LpoUNG _bspa _cAR-LpoUNG _eaacr |
||
| 041 | _aspa | ||
| 044 | _aag | ||
| 082 | 0 | _a982.066 265his | |
| 100 | 1 | _aAgeitos, Stella Maris | |
| 245 | 1 | 0 |
_aHistoria de la impunidad : _bde las actas de Videla a los indultos de Menem |
| 250 | _a1§ ed. | ||
| 260 |
_aBuenos Aires : _bAdriana Hidalgo, _c2002. |
||
| 300 |
_a254 p. : _bmapa |
||
| 650 | 4 | _aANALISIS HISTORICO | |
| 650 | 4 | _aARGENTINA | |
| 650 | 4 | _aASPECTOS JURIDICOS | |
| 650 | 4 | _aDERECHOS CIVILES | |
| 650 | 4 | _aDERECHOS HUMANOS | |
| 650 | 4 | _aDICTADURA | |
| 650 | 4 | _aFUERZAS ARMADAS | |
| 650 | 4 | _aGENOCIDIO | |
| 650 | 4 | _aHISTORIA POLITICA | |
| 650 | 4 | _aIDEOLOGIAS POLITICAS | |
| 650 | 4 | _aTERRORISMO | |
| 651 | 4 | _aArgentina | |
| 700 | 1 |
_aBayer, Osvaldo _epról. |
|
| 905 | _a48229 | ||
| 942 | _cLIB | ||
| 999 |
_c8714 _d8714 |
||